El desarrollo de competencias docentes en la formación del profesorado

Guardado en:
Detalles Bibliográficos
Autor Corporativo: Ministerio de Educación y Ciencia (Autor)
Formato: Libro
Lenguaje:español
Publicado: Madrid Secretaría General de Educación. Subdirección General de Información y Publicaciones 2007
Colección:Conocimiento Educativo
Materias:
Etiquetas: Agregar Etiqueta
Sin Etiquetas, Sea el primero en etiquetar este registro!

MARC

LEADER 00000nam a2200000 a 4500
001 UCH9630
003 CL-VaPUC
008 100114e20070000SP |||||||||||||||||spa|d
020 |a 9788436944570 
082 0 4 |a 371.102  |b MIN  |2 21 
110 2 |a Ministerio de Educación y Ciencia  |e author  |9 546820 
245 1 3 |a El desarrollo de competencias docentes en la formación del profesorado 
300 |a 230 p 
942 |c BK 
945 |d 20100114 00:00:00  |a dcastane 
260 |a Madrid  |b Secretaría General de Educación. Subdirección General de Información y Publicaciones  |c 2007 
650 0 |a Formación de profesores  |9 338945 
650 0 |a Profesores   |9 308968 
650 7 |a RENOVACION PEDAGOGICA  |2 CL-VaPUC  |9 524784 
650 7 |a CAPACITACION DE DOCENTES  |2 CL-VaPUC  |9 546821 
583 |a last modification  |c 20100114 00:00:00  |k Rodrigo Vera 
490 0 |a Conocimiento Educativo 
999 |c 339551  |d 339549 
952 |0 0  |1 0  |4 0  |6 371_102000000000000_MIN_2007  |7 0  |8 A  |9 433260  |a BIBEDU  |b BIBEDU  |d 2019-11-22  |i 4633946  |o 371.102 MIN 2007  |p 4633946  |r 2019-11-22  |w 2019-11-22  |y BK  |k EPE